[Event "Nanjing Pearl Spring 1st"]
[Site "Nanjing"]
[Date "2008.12.21"]
[Round "10"]
[White "Ivanchuk, Vassily"]
[Black "Bu, Xiangzhi"]
[Result "1-0"]
[WhiteElo "2786"]
[BlackElo "2714"]
[Annotator "Postny,E"]
[PlyCount "67"]
[EventDate "2008.12.11"]
[EventType "tourn"]
[EventRounds "10"]
[EventCountry "CHN"]
[EventCategory "21"]
[SourceTitle "CBM 128"]
[Source "ChessBase"]
[SourceDate "2009.01.28"]
[SourceVersion "1"]
[SourceVersionDate "2009.01.28"]
[SourceQuality "1"]

1. e4 e5 2. Nc3 {Ivanchuk avoids the main theoretical dispute which could
arise most probably in Petroff.} Nf6 3. Bc4 Bb4 4. Nf3 O-O 5. O-O d6 6. Nd5 $5
{After this move the game is already out of theory even though it has appeared
in a few games beforehand. White is trying to play d2-d4 without wasting time
on the d2-d3 developing move. The common continuation is, obviously, 6.d3.
Here one example from the "old school":} (6. d3 Be6 7. Bxe6 fxe6 8. Ne2 Nbd7 9.
c3 Ba5 10. a4 c6 11. Ng3 Qe7 12. Qe2 h6 (12... Bc7 13. d4 d5 $5 $13) 13. d4 Bc7
14. b3 Qf7 15. Ba3 Rfe8 16. dxe5 Nxe5 17. Nxe5 dxe5 18. Rfd1 Red8 19. Bc5 $14 {
1-0 Larsen,B (2625)-Smyslov,V (2620)/Las Palmas 1972/MCD (77)}) 6... Be6 $6 {
Not the best reply. After all, White made a second move with the same piece in
the opening, why not exchange it?} (6... Nxd5 7. Bxd5 c6 8. Bb3 Bg4 (8... Qe7 {
followed by 9...Be6 is playable as well.}) 9. h3 Bh5 $11) 7. d4 Bxd5 (7... Nxd5
$6 8. exd5 Bg4 9. c3 Ba5 10. dxe5 dxe5 11. h3 Bxf3 12. Qxf3 {and White is
clearly better thanks to pair of strong bishops.}) (7... exd4 8. Nxd4 Bxd5 9.
exd5 Nbd7 {is not more than slightly worse for Black.}) 8. exd5 e4 $2 {This
push is the source of Black's troubles. It looks like the Chinese GM got tired
to the end of the tough tournament. It's curious that this bad move is also
suggested by all modern engines!} ({It was necessary to release the pressure
in the centre by} 8... exd4 9. Qxd4 (9. a3 Bc5 10. b4 Bb6 11. Bb2 Nbd7 12. Nxd4
Re8 13. Bb3 a5 14. c4 axb4 15. axb4 Rxa1 16. Qxa1 Ng4 $132) 9... Nbd7 10. Qh4
Re8 {with a playable position.}) 9. Nh4 {I must say that it's already not the
first time that Bu has got a bad position against Ivanchuk right before move
ten! (check the encounter between the same players in Sofia 2008)} c6 10. c3
Ba5 (10... cxd5 11. Bb3 Ba5 12. f3 $16) 11. Bg5 Nbd7 12. Nf5 Nb6 {[%tqu "En",
"Find the strongest continuation for White.","","","f2f3","Ignoring the threat
on the bishop. It is more important to open the f-file. A passive retreat by
the bishop would allow Black to defend.",15,"c4b3","was far less convincing in
view of",0]} 13. f3 $3 {Ignoring the threat on the bishop. It is more
important to open the f-file. Variations that arise here, are quite easy for
White, but it's not easy to find such a move! A passive retreat by the bishop
would allow Black to defend.} (13. Bb3 $6 {was far less convincing in view of}
Qd7 $1 14. Nh6+ gxh6 15. Bxf6 Nxd5 16. Bxd5 cxd5 17. Qh5 Bd8 $14) 13... h6 (
13... Nxc4 14. fxe4 {[%csl Rf6][%cal Gg5f6,Gf1f6,Gf5g7] and then 15.Nxg7 is
inevitable and crushing.}) 14. Bh4 e3 (14... Nxc4 15. fxe4 {is not better for
Black than on the previous move.}) 15. Qd3 Nxc4 (15... cxd5 16. Bb3 Re8 17.
Nxe3 $18) 16. Qxc4 Qd7 17. Nxe3 $18 {White has won a pawn without any
compensation.} Nh5 18. Rae1 Bd8 19. Bxd8 Rfxd8 20. Qd3 Rab8 21. b3 Nf6 22. dxc6
bxc6 23. Re2 a5 24. Rfe1 {[%cal Ge3f5]} g6 25. d5 $6 {I think that the
exchange of knights gives Black some hope.} (25. Nc4 $18) 25... Nxd5 26. Nxd5
cxd5 27. Qxd5 Qa7+ 28. Kh1 Qc5 29. Qd2 $1 {Correctly avoiding the exchange of
queens. Rook endgames always contain drawing chances for the defending side.}
d5 30. Re5 a4 31. bxa4 h5 $2 (31... Kg7 {would force Ivanchuk to work hard for
a full point. Compared to the variation that occurred in the game, the
h6-square is covered.}) 32. f4 $1 {Suddenly, the black king is in real danger.}
Rbc8 33. f5 Qxc3 34. Qh6 (34. Qh6 gxf5 35. R5e3 $18 {[%cal Ge3g3]}) 1-0

[Event "Rohde op 10th"]
[Site "Sautron"]
[Date "2010.10.24"]
[Round "2"]
[White "Marholev, Dimitar"]
[Black "Pap, Gyula"]
[Result "1/2-1/2"]
[WhiteElo "2407"]
[BlackElo "2519"]
[Annotator "Primel,D"]
[PlyCount "91"]
[EventDate "2010.10.23"]
[EventType "swiss"]
[EventRounds "9"]
[EventCountry "FRA"]
[SourceTitle "EXT 2012"]
[Source "ChessBase"]
[SourceDate "2011.11.24"]
[SourceVersion "1"]
[SourceVersionDate "2011.11.24"]
[SourceQuality "1"]

1. e4 e5 2. Nf3 Nf6 3. Nxe5 d6 4. Nf3 Nxe4 5. Qe2 (5. d4) 5... Qe7 6. d3 Nf6 7.
Bg5 Nbd7 (7... Qxe2+ 8. Bxe2 $32) 8. Nc3 Qxe2+ 9. Bxe2 h6 10. Bh4 g5 $1 11. Bg3
Nh5 12. Nd5 Kd8 13. Ne5 {[%cal Ge2h5]} dxe5 14. Bxh5 f5 15. h3 $2 $146 (15. f3
$142 {[%cal Gg3f2] Un moindre mal} c6 16. Nc3 Bg7 17. O-O-O f4 18. Bf2 Ke7 19.
Rhe1 c5 20. Bg6 a6 21. Nd5+ Kd6 22. Be4 Rb8 23. a3 b6 24. b4 a5 25. bxa5 bxa5
26. Kd2 Ba6 27. Rb1 c4 28. Nb6 cxd3 29. cxd3 Nxb6 {Pavlovic,R (2146)-Rajcevic,
S (2176)/Belgrade 2008/CBM 126 Extra/1-0 (47)}) 15... c6 16. Nc3 f4 $1 $17 {
[%csl Rg3]} 17. Bh2 {Le Bh2 est complément enfermé et la position rappelle un
peu la fameuse partie gagnée par Capablanca contre Winter en 1919 avec un Bg3
réduit au rang de simple spectateur.} Nf6 18. Bf3 Bf5 19. O-O-O Bc5 (19... Kc7
$5 {[%cal Ga8d8]}) 20. Be4 Bxe4 21. Nxe4 Nxe4 22. dxe4+ Ke7 23. Bg1 h5 24. f3
Bxg1 (24... Bd6 $5 {[%csl Rh1]}) 25. Rdxg1 g4 $1 26. hxg4 hxg4 27. fxg4 Kf6 28.
Rh5 Rxh5 29. gxh5 Kg5 {[%csl Rg1][%cal Ga8d8]} 30. g4 Rd8 $44 {[%csl Rc1,Rg1]}
31. Rd1 Rh8 32. Rg1 f3 {[%cal Gg5f4]} 33. Kd2 Kf4 34. Rh1 Kg3 (34... Kxg4 35.
Ke3) 35. g5 $4 Kg2 36. g6 Kxh1 37. g7 Rd8+ $4 $138 (37... Rg8 $8 38. h6 Kg1 39.
h7 Rxg7 40. h8=Q Rg2+ 41. Kc3 f2 $19) 38. Ke3 Kg2 39. h6 f2 40. h7 f1=Q 41.
g8=Q+ Rxg8 42. hxg8=Q+ Kh2 43. Qg6 Qe1+ 44. Kf3 Qf1+ 45. Ke3 Qe1+ 46. Kf3
1/2-1/2

[Event "Sautron op 16th"]
[Site "Sautron"]
[Date "2016.10.29"]
[Round "9.1"]
[White "Zubarev, Alexander2"]
[Black "Istratescu, Andrei"]
[Result "1/2-1/2"]
[WhiteElo "2525"]
[BlackElo "2600"]
[Annotator "Primel,D"]
[PlyCount "52"]
[EventDate "2016.10.22"]
[EventType "swiss"]
[EventRounds "9"]
[EventCountry "FRA"]
[SourceTitle "EXT 2019"]
[Source "ChessBase"]
[SourceDate "2018.10.10"]
[SourceVersion "1"]
[SourceVersionDate "2018.10.10"]
[SourceQuality "1"]
[TimeControl "40/5400+30:1800+30"]
[WhiteClock "0:35:37"]
[BlackClock "1:05:03"]

1. e4 {[%emt 0:00:00]} e5 {[%emt 0:02:23]} 2. Nf3 {[%emt 0:00:00]} Nf6 {
[%emt 0:00:10] Une nulle assurait la victoire dans le tournoi pour Andréi} 3.
Nxe5 {[%emt 0:02:29]} d6 {[%emt 0:02:00]} 4. Nf3 {[%emt 0:00:11]} Nxe4 {
[%emt 0:00:04]} 5. Nc3 {[%emt 0:01:33] La défense russe est moins populaire
depuis quelques années notamment à cause de cette variante Nc3 qui donne des
bons résultats aux Blancs} Nxc3 {[%emt 0:02:04]} (5... Nf6 6. d4 $14) 6. dxc3
{[%emt 0:00:05]} Be7 {[%emt 0:00:06]} 7. Be3 {[%emt 0:00:07]} (7. Bf4) 7... Nc6
{[%emt 0:00:37]} 8. Qd2 {[%emt 0:00:47][%cal Ge1c1]} Be6 {[%emt 0:02:05]} (8...
O-O {L'alternative}) 9. O-O-O {[%emt 0:04:59]} a6 {[%emt 0:02:41] Qd7 est plus
courant mais c'est probablement une simple transposition} (9... Qd7 10. Kb1 (
10. h4) 10... Bf6 (10... O-O-O 11. Nd4 $1 Nxd4 12. Qxd4 $1 {[%cal Gd4a7,Gd4g7]
Une double attaque qui justifie le coup prophylactique a6})) 10. Bd3 $5 {
[%emt 0:17:42] Une ligne secondaire et ce n'était probablement pas une
préparation car les Blancs ont réfléchi longuement.} (10. Ng5 Bxg5 11. Bxg5
Qd7 12. b3 f6 13. Be3 O-O-O 14. h3 Qf7 15. Be2 h5 16. Rhe1 Rhe8 17. f3 Qg6 18.
Bf1 Bf5 19. Kb2 Re5 20. Bf4 Rxe1 21. Rxe1 Re8 22. Rd1 Bd7 23. c4 Qf5 24. Bd3
Qc5 25. Bg6 Rh8 26. Be4 Re8 27. c3 g5 28. Be3 Qe5 29. Bf2 f5 30. Bd3 Qg7 31. c5
dxc5 32. Bxc5 Kb8 33. Bc4 Bc8 34. Bd5 Qe5 35. Bxc6 bxc6 36. Bf2 Qe2 37. Ka3
Qxd2 38. Rxd2 Kb7 39. h4 g4 {Topalov,V (2757)-Anand,V (2786) Linares 2005 1/
2-1/2 (69)}) (10. Kb1 {La grande ligne} Qd7 11. h4 $14 (11. h3 O-O-O 12. Ng5
Bxg5 13. Bxg5 $14) 11... h6 (11... O-O-O) 12. Nd4 Nxd4 13. Bxd4 (13. cxd4 d5
$11) 13... Rg8 $5) (10. h4 h6 (10... Qd7 11. Kb1 (11. Ng5 Bxg5 12. hxg5 $14 {
[%csl Rh7][%cal Gf1d3]}) 11... h6) 11. Bd3) (10. Be2 {Ce coup parait moins
actif mais il a le mérite d'éviter les échanges sur Ne5 attaquant le Bd3}
Qd7 11. Kb1 Bf6 {Ivanchuk,V (2746)-Wang,Y (2738) Sofia MTel Masters 5th 2009 
(2) 0-1}) 10... Qd7 {[%emt 0:05:42]} (10... h6 11. Kb1 Qd7 12. h4 Ne5 $1 (12...
Bf6 13. Qe2 Ne5 14. Nxe5 Bxe5 15. a3 Bf6 (15... O-O-O) 16. f3 Qa4 $13 {Caruana,
F (2767)-Thorfinnsson,B (2421) Reykjavik op 2012 (6) 1-0}) 13. Nxe5 dxe5 $132 {
Nisipeanu,L (2690)-Erenburg,S (2582) Bundesliga 0607 2006 (11.2) 1/2}) 11. Ng5
$5 {[%emt 0:07:15][%cal Gg5e6]} (11. Kb1 O-O-O) 11... Ne5 {[%emt 0:03:47] La
simplification commence et il est probable que la nulle soit proposée après
le 25ème coup qui était le minimum imposé par le réglement.} 12. Nxe6 {
[%emt 0:02:17]} Qxe6 {[%emt 0:01:16]} 13. Kb1 {[%emt 0:02:46]} Nxd3 {[%emt 0:
03:26]} 14. Qxd3 {[%emt 0:02:20]} O-O {[%emt 0:00:49]} 15. Rhe1 {[%emt 0:01:12]
} Rfe8 {[%emt 0:01:06]} 16. f3 {[%emt 0:10:16]} Bf8 {[%emt 0:02:03]} 17. Bf2 {
[%emt 0:02:48]} Qg6 {[%emt 0:03:32]} 18. Qxg6 {[%emt 0:01:40]} hxg6 {[%emt 0:
00:21]} 19. Rxe8 {[%emt 0:03:16]} Rxe8 {[%emt 0:00:15]} 20. Re1 {[%emt 0:00:06]
Les deux adversaires jouent trés vite et la nulle est inéluctable.} Rxe1+ {
[%emt 0:00:05]} 21. Bxe1 {[%emt 0:00:04]} f6 {[%emt 0:00:26]} 22. c4 {[%emt 0:
00:32]} Kf7 {[%emt 0:00:21]} 23. Kc1 {[%emt 0:00:21]} Ke6 {[%emt 0:00:21]} 24.
Kd2 {[%emt 0:00:14]} d5 {[%emt 0:01:40]} 25. cxd5+ {[%emt 0:04:17]} Kxd5 {
[%emt 0:00:07]} 26. Kd3 {[%emt 0:00:06]} Bd6 1/2-1/2

[Event "Augsburg Gutmann Memorial 5th"]
[Site "Augsburg"]
[Date "2017.12.30"]
[Round "4"]
[White "Prusikin, Michael"]
[Black "Rozentalis, Eduardas"]
[Result "1/2-1/2"]
[WhiteElo "2520"]
[BlackElo "2549"]
[Annotator "Prusikin,M"]
[PlyCount "103"]
[EventDate "2017.12.27"]
[EventType "tourn"]
[EventRounds "9"]
[EventCountry "GER"]
[SourceTitle "EXT 2019"]
[Source "ChessBase"]
[SourceDate "2018.10.10"]
[SourceVersion "1"]
[SourceVersionDate "2018.10.10"]
[SourceQuality "1"]

1. e4 e5 2. Nf3 Nf6 3. Nxe5 d6 4. Nf3 Nxe4 5. Bd3 Nf6 6. h3 Be7 7. O-O Nc6 8.
c3 Ne5 9. Bc2 Nxf3+ 10. Qxf3 c6 11. d4 Be6 12. Re1 $146 (12. Bf4 $6 Rg8 13. Re1
Qd7 14. Qe2 g5 15. Bh2 g4 $13 {1/2-1/2 (35) Staroske,U (2442)-Sapundjiev,G 
(2414) ICCF email 2009}) 12... Qd7 13. Nd2 O-O-O (13... g5 {war möglich, aber
nicht wirklich gefährlich für Weiß}) 14. Nf1 (14. c4 $5) 14... Rde8 15. Ng3
g6 16. Bg5 (16. c4 $1 d5 17. Bg5 $1 (17. c5 h5 $1 {ist weniger klar}) 17... Ng8
18. Bf4 dxc4 19. b3 $40) 16... Qd8 $6 {[#]} (16... Nd5 17. Bxe7 Nxe7 18. Bd3
$14) 17. c4 $1 h6 18. d5 $1 cxd5 19. Be3 $1 Kb8 20. Bd4 $1 dxc4 21. Bxg6 $1 Bd5
22. Qa3 b6 (22... fxg6 23. Qxa7+ Kc8 24. Bb6 $18) 23. Bc2 (23. Bf5 $5) 23...
Rhg8 24. Ba4 (24. Rad1 $1 Bb7 25. Qc3 Nd5 26. Qxc4 Nf4 27. Be4 d5 28. Qa4 $16)
24... Nd7 25. Rad1 Bb7 26. Bb5 Bf8 $1 27. Rxe8 Qxe8 28. Qc3 $1 (28. Qa4 $4 Rxg3
$1 29. fxg3 Qe2 30. Bf2 Qe4 $19) 28... d5 29. Re1 Qd8 30. Qf3 $6 (30. Nh5 $1
Bc8 $8 31. Qf3 $16) 30... Bc5 31. Bxd7 $6 (31. Nf5 $1 $16) 31... Qxd7 $6 (31...
Bxd4 32. Qf4+ Ka8 33. Qxd4 Qxd7 34. Re5 $11) 32. Qf4+ $6 (32. Nf5 $14) 32...
Ka8 33. Re3 (33. Nf5 $11) 33... Bxd4 34. Qxd4 Re8 35. Nf5 Rxe3 36. Nxe3 Bc6 37.
Ng4 $2 (37. g4 $11) 37... h5 38. Ne5 Qe6 39. Nf3 (39. g4 hxg4 40. Nxc6 Qxc6 41.
h4 $11) 39... Kb7 (39... f6 $17) 40. Qh8 $6 (40. Qh4 b5 $15) 40... d4 (40...
Qf5 $17) 41. Nxd4 Qe1+ 42. Kh2 Qxf2 43. Nxc6 Qf4+ 44. Kh1 Qf1+ 45. Kh2 Qf4+ 46.
Kh1 Kxc6 47. a4 $2 (47. Qa8+ Kb5 48. Qxa7 Qc1+ 49. Kh2 Qxb2 50. Qd7+ Kb4 51.
Qe7+ Kc3 52. Qe3+ $11) 47... Qf1+ 48. Kh2 Qf4+ 49. Kh1 h4 $2 (49... Qf5 $19)
50. Qa8+ Kc5 51. Qxa7 Qc1+ 52. Kh2 (52. Kh2 Qxb2 53. Qe7+ Kc6 54. Qe4+ $11)
1/2-1/2

[Event "Bodensee-Cup"]
[Site "Ueberlingen-Nussdorf"]
[Date "2019.05.10"]
[Round "1.2"]
[White "Prusikin, Michael"]
[Black "Kvetny, Mark"]
[Result "0-1"]
[WhiteElo "2522"]
[BlackElo "2414"]
[Annotator "Prusikin,M"]
[PlyCount "64"]
[EventDate "2019.05.10"]
[EventType "team-tourn"]
[EventRounds "3"]
[EventCountry "GER"]
[SourceTitle "EXT 2020"]
[Source "ChessBase"]
[SourceDate "2019.10.17"]
[SourceVersion "1"]
[SourceVersionDate "2019.10.17"]
[SourceQuality "1"]

{[%evp 0,64,30,26,25,18,65,9,35,35,31,15,24,13,10,8,-1,-12,12,-3,21,15,7,11,21,
5,-12,0,2,-51,-10,-45,-24,-45,-13,-32,-58,-73,-77,-76,-72,-76,-64,-87,-68,-95,
-74,-49,-75,-80,-80,-146,-149,-153,-243,-254,-304,-567,-613,-640,-372,-753,
-780,-1135,-1376,-1374,-1359]} 1. e4 e5 2. Nf3 Nf6 3. Nxe5 d6 4. Nf3 Nxe4 5.
Bd3 Nf6 6. O-O Be7 7. h3 Nc6 8. c3 $2 {[#]} (8. Re1 O-O (8... g5 9. Bb5 g4 10.
hxg4 Bxg4 11. d4 a6 12. Bxc6+ bxc6 13. Bg5 $16) 9. c3 d5 10. Bc2 d4 (10... h6
11. d4 Bd6 12. Ne5 $14) 11. d3 h6 12. cxd4 Bb4 13. Re4 $5 Bf5 14. Be3 Ne7 15.
Nc3 $14) 8... g5 $3 $146 (8... Ne5 9. Bc2 Nxf3+ 10. Qxf3 c6 11. d4 Be6 12. Re1
Qd7 13. Nd2 O-O-O 14. Nf1 Rde8 15. Ng3 g6 16. Bg5 Qd8 17. c4 h6 18. d5 cxd5 19.
Be3 Kb8 20. Bd4 dxc4 21. Bxg6 Bd5 22. Qa3 b6 23. Bc2 Rhg8 24. Ba4 Nd7 25. Rad1
Bb7 26. Bb5 Bf8 27. Rxe8 Qxe8 28. Qc3 d5 29. Re1 Qd8 30. Qf3 Bc5 31. Bxd7 Qxd7
32. Qf4+ Ka8 33. Re3 Bxd4 34. Qxd4 Re8 35. Nf5 Rxe3 36. Nxe3 Bc6 37. Ng4 h5 38.
Ne5 Qe6 39. Nf3 Kb7 40. Qh8 d4 41. Nxd4 Qe1+ 42. Kh2 Qxf2 43. Nxc6 Qf4+ 44. Kh1
Qf1+ 45. Kh2 Qf4+ 46. Kh1 Kxc6 47. a4 Qf1+ 48. Kh2 Qf4+ 49. Kh1 h4 50. Qa8+ Kc5
51. Qxa7 Qc1+ 52. Kh2 {1/2-1/2 (52) Prusikin,M (2520)-Rozentalis,E (2549)
Augsburg 2017}) 9. Be2 $2 (9. Bb5 $8 g4 10. hxg4 Bxg4 11. d4 Rg8 12. d5 a6 13.
Ba4 b5 14. dxc6 bxa4 15. Re1 d5 16. Bf4 Nh5 17. Be5 f6 18. Bh2 Kf8 19. Na3 Bd6
$13) 9... g4 10. hxg4 Bxg4 11. d4 Qd7 12. Na3 Rg8 13. Nc4 O-O-O 14. Ne1 h5 15.
Ne3 d5 16. f3 Be6 17. Bb5 a6 18. Bxc6 Qxc6 19. Nd3 h4 20. Ne5 Qe8 21. Qd3 Nh5
22. Nf5 Ng3 23. Nxg3 hxg3 24. Re1 Bd6 25. f4 f6 26. Nf3 Qd7 27. Nh4 Rg4 28. f5
Qh7 29. Rxe6 Qxh4 30. Qf3 Bf4 31. Re7 Bxc1 32. Rxc1 Rh8 0-1